000 00376 a2200109 4500
001 ART_3501
005 20260410161715.0
008 260409a
245 1 0 _aGasto público, tasa de cambio e impulso capitalista después de la hiperinflación
100 1 _aGerchunoff, Pablo
773 0 _tDesarrollo económico
_g- Vol. 25, Nº 100 (ene./mar. 1986)
_wREV1174
999 _c16448
_d16448